<?xml version="1.0" encoding="UTF-8"?><?xml-stylesheet type="text/xsl" href="static/style.xsl"?><OAI-PMH xmlns="http://www.openarchives.org/OAI/2.0/" xmlns:xsi="http://www.w3.org/2001/XMLSchema-instance" xsi:schemaLocation="http://www.openarchives.org/OAI/2.0/ http://www.openarchives.org/OAI/2.0/OAI-PMH.xsd"><responseDate>2026-04-17T19:07:36Z</responseDate><request verb="GetRecord" identifier="oai:www.recercat.cat:10230/69600" metadataPrefix="marc">https://recercat.cat/oai/request</request><GetRecord><record><header><identifier>oai:recercat.cat:10230/69600</identifier><datestamp>2025-12-19T20:25:58Z</datestamp><setSpec>com_2072_6</setSpec><setSpec>col_2072_452954</setSpec></header><metadata><record xmlns="http://www.loc.gov/MARC21/slim" xmlns:dcterms="http://purl.org/dc/terms/" xmlns:xsi="http://www.w3.org/2001/XMLSchema-instance" xmlns:doc="http://www.lyncode.com/xoai" xsi:schemaLocation="http://www.loc.gov/MARC21/slim http://www.loc.gov/standards/marcxml/schema/MARC21slim.xsd">
   <leader>00925njm 22002777a 4500</leader>
   <datafield ind2=" " ind1=" " tag="042">
      <subfield code="a">dc</subfield>
   </datafield>
   <datafield ind2=" " ind1=" " tag="720">
      <subfield code="a">Elizondo Urrutia, Saioa</subfield>
      <subfield code="e">author</subfield>
   </datafield>
   <datafield ind2=" " ind1=" " tag="260">
      <subfield code="c">2025-02-13T10:26:08Z</subfield>
   </datafield>
   <datafield ind2=" " ind1=" " tag="260">
      <subfield code="c">2025-02-13T10:26:08Z</subfield>
   </datafield>
   <datafield ind2=" " ind1=" " tag="260">
      <subfield code="c">2024</subfield>
   </datafield>
   <datafield ind2=" " ind1=" " tag="520">
      <subfield code="a">Treball de Fi de Grau en Enginyeria Biomèdica. Curs 2023-2024</subfield>
   </datafield>
   <datafield ind2=" " ind1=" " tag="520">
      <subfield code="a">Tutor: Marc Grau Leguia</subfield>
   </datafield>
   <datafield ind2=" " ind1=" " tag="520">
      <subfield code="a">Epilepsy, a chronic neurological disorder characterized by recurrent seizures, affects millions globally. For patients with drug-resistant epilepsy, surgical intervention becomes a viable option. However, precise localization of the seizure onset zone (SOZ) is crucial for successful surgery. This thesis investigates the potential of the L measure, a non-linear method analyzing directional couplings between brain regions, for SOZ detection in pharmacoresistant epilepsy patients using electroencephalography (EEG) data recorded in a natural environment.
We analyzed seizure dynamics in 10 patients using EEG data from the Melbourne NeuroVista Seizure Prediction Trial database. Applying the L measure, we explored connectivity patterns within and across brain regions during pre-ictal, seizure onset, and ictal stages. Network analysis using graph theory metrics assessed these variations across EEG channels and patients to identify potential SOZ locations. Furthermore, we developed a novel method, to track channel connectivity dynamics during seizures, potentially detecting the SOZ with higher temporal resolution.
These findings are expected to contribute to a more comprehensive understanding of seizure dynamics and the potential of the L measure for SOZ detection in pharmacoresistant epilepsy patients. This research may pave the way for improved surgical planning and treatment outcomes for this challenging patient population.</subfield>
   </datafield>
   <datafield tag="653" ind2=" " ind1=" ">
      <subfield code="a">Treball de fi de grau – Curs 2023-2024</subfield>
   </datafield>
   <datafield tag="653" ind2=" " ind1=" ">
      <subfield code="a">Epilepsy</subfield>
   </datafield>
   <datafield tag="653" ind2=" " ind1=" ">
      <subfield code="a">Seizure</subfield>
   </datafield>
   <datafield tag="653" ind2=" " ind1=" ">
      <subfield code="a">EEG</subfield>
   </datafield>
   <datafield tag="653" ind2=" " ind1=" ">
      <subfield code="a">Seizure onset zone</subfield>
   </datafield>
   <datafield tag="653" ind2=" " ind1=" ">
      <subfield code="a">L measure</subfield>
   </datafield>
   <datafield tag="653" ind2=" " ind1=" ">
      <subfield code="a">Directional coupling</subfield>
   </datafield>
   <datafield tag="653" ind2=" " ind1=" ">
      <subfield code="a">Network analysis</subfield>
   </datafield>
   <datafield tag="653" ind2=" " ind1=" ">
      <subfield code="a">Graph theory</subfield>
   </datafield>
   <datafield ind2="0" ind1="0" tag="245">
      <subfield code="a">Prediction of seizure onset zone in epilepsy patients via a network coupling measure</subfield>
   </datafield>
</record></metadata></record></GetRecord></OAI-PMH>